LEADER 01162nam a2200265 4500 001 000000363991 003 CaOOAMICUS 005 20250825105820.0 008 250825s1871 it 000 u ita r 040 $aSeMil$bita 100 1 $aGenlis, Stéphanie-Félicité Du Crest,$c.$0(OLS)http://semarc/name/7436 245 10$aGiovanna di Francia :$bnovella storica /$cdi M.ma Genlis. 264 1$aMilano :$bE. Savallo,$c1871. 300 $a2 v. (192, 191 p.) ;$c12 cm 490 1 $aBiblioteca amena tascabile ;$v13-14 500 $aLegati insieme in un unico tomo 830 0$aBiblioteca amena tascabile ;$v13-14.$0(OLS)http://semarc/title/455334 850 $aSeMil 852 $aSeMil$W1$xVenegono$y1$m5E I 8 FA$j260790$pv. 1$B254862$CSeMilBibl$Z2$F254862 $8I 852 $aSeMil$W1$xVenegono$y1$m5E I 9 FA$j260791$pv. 2$B254863$CSeMilBibl$Z2$F254863 $8I 961 $aLegato insieme a 5E I 9 FA 961 $aLegato insieme a 5E I 8 FA 996 $6245$aGiovanna di Francia :$bnovella storica$9(OLS)http://semarc/title/455336 996 $6264$aMilano :$bE. Savallo$9(OLS)http://semarc/publisher/62509 LEADER 01302nam a2200277 i 4500 001 000000045810 003 CaOOAMICUS 005 20101116000000.0 008 101116s1994 it u000 u ita u 013 $a16980 020 $a8821528332 040 $aSeMil$bita 100 1 $aMontonati, Angelo <1931->.$0(OLS)http://semarc/name/17886 245 14$aUna stretta di mano :$bstoria di Maria Teresa Scherer, confondatrice delle Suore di Carità della Santa Croce /$cAngelo Montonati. 260 $aCinisello Balsamo :$bSan Paolo,$c1994. 300 $a215 p., [8] p. di tav. ;$c23 cm. 490 0 $aI protagonisti ;$v17. 650 4$aScherer, Maria Teresa.$0(OLS)http://semarc/subject/9762 650 4$aSuore di Carità della Santa Croce.$0(OLS)http://semarc/subject/7570 830 2$aI protagonisti ;$v17.$0(OLS)http://semarc/title/5908 850 $aSeMil 852 $aSeMil$W1$xVenegono$y1$m3J II 340$j11965$B11965$CSeMilBibl$Z2$F11965 $81 961 $aOmaggio: Martinelli don Romano 996 $6020$a8821528332$9(OLS)http://semarc/number/18128 996 $6245$aUna stretta di mano :$bstoria di Maria Teresa Scherer, confondatrice delle Suore di Carità della Santa Croce$9(OLS)http://semarc/title/68266 996 $6260$aCinisello Balsamo :$bSan Paolo$9(OLS)http://semarc/publisher/30129